Bảo tồn, phát huy giá trị di tích lịch sử cách mạng vùng Bắc Trung bộ /

Spremljeno u:
Bibliografski detalji
Glavni autor: Nguyễn Văn Nhật.
Format: Članak
Jezik:Vietnamese
Teme:
Oznake: Dodaj oznaku
Bez oznaka, Budi prvi tko označuje ovaj zapis!
Thư viện lưu trữ: Thư viện Trường Đại học Đà Lạt
LEADER 00769nam a2200253 4500
001 DLU170180000
005 ##20170524
040 # # |a DLU  |b vie 
041 # # |a vie 
044 # # |a vn 
100 # # |a Nguyễn Văn Nhật. 
245 # # |a Bảo tồn, phát huy giá trị di tích lịch sử cách mạng vùng Bắc Trung bộ /  |c Nguyễn Văn Nhật. 
653 # # |a Bảo tồn 
653 # # |a Bắc Trung bộ 
653 # # |a Di tích lịch sử 
773 # # |t Huế xưa & nay  |g Số 111, 2012, tr.16-20 
920 # # |a Phòng Tạp chí -- Trung tâm Thông tin - Thư viện Trường Đại học Đà Lạt 
900 # # |a True 
911 # # |a Nguyễn Thị Thu Phương 
925 # # |a G 
926 # # |a A 
927 # # |a BB 
980 # # |a Thư viện Trường Đại học Đà Lạt